Central Library OPAC University of Rajshahi

Handbook of public personnel administration / (Record no. 5210)

MARC details
000 -LEADER
fixed length control field 01046pam a2200289 a 4500
001 - CONTROL NUMBER
control field 5210
003 - CONTROL NUMBER IDENTIFIER
rucl marc code BD-RjUL
005 - DATE AND TIME OF LATEST TRANSACTION
control field 20211208234029.0
008 - FIXED-LENGTH DATA ELEMENTS--GENERAL INFORMATION
fixed length control field 131224s1995 nyua bf 001 0 eng
020 ## - INTERNATIONAL STANDARD BOOK NUMBER
International Standard Book Number 0824792319 (alk. paper)
035 ## - SYSTEM CONTROL NUMBER
System control number (BD-RjUL)5246
040 ## - CATALOGING SOURCE
Original cataloging agency DLC
Transcribing agency DLC
Modifying agency DLC
-- BD-RjUL
Language of cataloging eng
041 ## - LANGUAGE CODE
Language code of text/sound track or separate title eng
082 00 - DEWEY DECIMAL CLASSIFICATION NUMBER
Classification number 350.100973
Edition number 20
Author mark and year HAN 1995
245 00 - TITLE STATEMENT
Title Handbook of public personnel administration /
Statement of responsibility, etc. edited by Jack Rabin ... [et al.].
260 ## - PUBLICATION, DISTRIBUTION, ETC. (IMPRINT)
Place of publication, distribution, etc. New York :
Name of publisher, distributor, etc. M. Dekker,
Date of publication, distribution, etc. c1995.
300 ## - PHYSICAL DESCRIPTION
Pagination xv, 720 p. :
Illustrations ill. ;
Size 25 cm.
504 ## - BIBLIOGRAPHY, ETC. NOTE
Bibliography, etc Includes bibliographical references and index.
650 #0 - SUBJECT ADDED ENTRY--TOPICAL TERM
Topical term or geographic name as entry element Civil service
Geographic subdivision United States
General subdivision Personnel management
-- Handbooks, manuals, etc.
9 (RLIN) 16394
700 1# - ADDED ENTRY--PERSONAL NAME
Personal name Rabin, Jack,
Dates associated with a name 1945-
856 42 - ELECTRONIC LOCATION AND ACCESS
Materials specified Publisher description
Uniform Resource Identifier <a href="http://www.loc.gov/catdir/enhancements/fy0647/94022534-d.html">http://www.loc.gov/catdir/enhancements/fy0647/94022534-d.html</a>
942 ## - ADDED ENTRY ELEMENTS (KOHA)
Source of classification or shelving scheme Dewey Decimal Classification
Koha item type Books
Holdings
Lost status Source of classification or shelving scheme Damaged status Not for loan Collection code Permanent Location Current Location Shelving location Date acquired Source of acquisition Cost, normal purchase price Total Checkouts Full call number Date last seen Copy number Koha item type
  Dewey Decimal Classification   Not For Loan Non-fiction Central Library, University of Rajshahi Central Library, University of Rajshahi   08/03/1999 Dhaka, Karim int. 7800.00   350.100973 HAN 1995 24/12/2013 C-1 Books